000 01280naa a2200325 c 4500
001 49849
999 _c49849
_d49849
003 ES-MaCES
005 20170823143930.0
008 170823s2017 sp ||||| t||||||| ||spa d
040 _aES-MaCES
_bspa
_cES-MaCES
_dES-MaCES
100 1 _938466
_aBischoff, Gabriele
245 1 3 _aEl modelo social europeo y los derechos de los trabajadores
_b: ¿por qué necesitamos un pilar europeo de derechos sociales?
_cGabriele Bischoff
650 4 _929924
_aderechos de los trabajadores
650 4 _928327
_acondiciones de trabajo
650 4 _928387
_asalario
650 4 _929453
_asindicalismo
650 4 _928362
_anegociación colectiva
650 4 _930664
_aconcertación social
650 4 _929076
_aprotección social
650 4 _930789
_adesigualdad social
650 4 _927102
_acrisis económica
650 4 _927082
_aconsecuencias económicas
650 4 _927029
_apolítica social
650 4 _930776
_apolítica comunitaria
650 4 _926752
_aUE
653 1 0 _aAsuntos Sociales
773 0 _986341
_dMadrid (Fuencarral, 127, 28010) Iniciativas editoriales Sistema 1994-
_o089238
_tTemas para el debate
_w(ES-MaCES)25480
_gn. 268 (marzo 2017) {10474 R. 089238} ;p. 29-31
902 _aART Artículo de revista
942 _2CES
_cAR
_h3.3.